|
|
|
|
| LEADER |
01534nam a2200361 a 4500 |
| 001 |
29301 |
| 003 |
BD-DhAAL |
| 005 |
20150910020003.0 |
| 008 |
120526r20022001enkabf b 001 0 eng d |
| 010 |
|
|
|a 2003270094
|
| 015 |
|
|
|a GBA2-58545
|
| 020 |
|
|
|a 0140265740 (pbk.)
|
| 035 |
|
|
|a (OCoLC)ocm50527462
|
| 040 |
|
|
|a UKM
|c UKM
|d OCLCQ
|d DLC
|d BD-DhAAL
|
| 042 |
|
|
|a lccopycat
|
| 043 |
|
|
|a a-iq---
|
| 050 |
0 |
0 |
|a DS69.5
|b .L45 2002
|
| 082 |
0 |
0 |
|a 935
|2 22
|
| 100 |
1 |
|
|a Leick, Gwendolyn,
|d 1951-
|9 11458
|
| 245 |
1 |
0 |
|a Mesopotamia :
|b the invention of the city /
|c Gwendolyn Leick.
|
| 260 |
|
|
|a London :
|b Penguin,
|c c2002.
|
| 300 |
|
|
|a xxii, 359 p., [16] p. of plates :
|b ill., map ;
|c 20 cm.
|
| 500 |
|
|
|a Originally published: London : Allen Lane, 2001.
|
| 504 |
|
|
|a Includes bibliographical references and index.
|
| 541 |
|
|
|e 29301
|
| 650 |
|
0 |
|a Cities and towns, Ancient
|z Iraq.
|9 11459
|
| 651 |
|
0 |
|a Iraq
|x Civilization
|y To 634.
|9 11460
|
| 856 |
4 |
2 |
|3 Contributor biographical information
|u http://www.loc.gov/catdir/enhancements/fy0716/2003270094-b.html
|
| 856 |
4 |
2 |
|3 Publisher description
|u http://www.loc.gov/catdir/enhancements/fy0716/2003270094-d.html
|
| 942 |
|
|
|2 ddc
|c BK
|0 1
|
| 999 |
|
|
|c 34531
|d 34531
|
| 952 |
|
|
|0 0
|1 0
|2 ddc
|4 0
|6 935_000000000000000_LEI
|7 0
|9 53915
|a BRACUL
|b BRACUL
|c GEN
|d 2015-05-26
|l 5
|m 9
|o 935 LEI
|p 3010029301
|r 2023-06-11
|s 2023-05-30
|t 1
|w 2015-05-26
|y BK
|
| 952 |
|
|
|0 0
|1 0
|2 ddc
|4 0
|6 935_000000000000000_LEI
|7 0
|9 53916
|a BRACUL
|b BRACUL
|c GEN
|d 2015-05-26
|l 8
|m 3
|o 935 LEI
|p 3010029302
|r 2025-03-23
|s 2024-12-03
|t 2
|w 2015-05-26
|y BK
|